| 000 | 00520nam a22001817a 4500 | ||
|---|---|---|---|
| 003 | OSt | ||
| 005 | 20240621055633.0 | ||
| 008 | 240621b |||||||| |||| 00| 0 eng d | ||
| 020 | _a9789814718943 | ||
| 040 |
_aDWC- Main Lib _cOC |
||
| 082 | _aCirc. 302.3 G882 2016 | ||
| 245 | _aGroup dynamics | ||
| 260 |
_aSingapore : _bCengage learning, _cc2016. |
||
| 300 |
_a656 pages : _billustrations; _c27cm. |
||
| 504 | _aIncludes index and bibliographical references. | ||
| 650 | _a1. Social group. | ||
| 942 |
_2ddc _cBK-CIRC _n1 |
||
| 999 |
_c1066 _d1066 |
||